Ο ροζ πελεκάνος και άλλες ιστορίες

Αποθηκεύτηκε σε:
Λεπτομέρειες βιβλιογραφικής εγγραφής
Κύριος συγγραφέας: Δραγούμης, Φίλιππος
Μορφή: Βιβλίο
Γλώσσα:Greek
Δημοσίευση: Αθήνα : Ωκεανίδα, c2000.
Θέματα:
Ετικέτες: Προσθήκη ετικέτας
Δεν υπάρχουν, Καταχωρήστε ετικέτα πρώτοι!

MARC

LEADER 00000nam a2200000 a 4500
001 1/127741
008 231124s2000####gr | ||| |||| ||gre||
020 |a 960410151Χ 
040 |a GR-MyUa  |b gre  |c GR-MyUa  |e AACR2 
041 0 |a gre 
082 7 |a 889.38   |2 (23) 
100 1 |a Δραγούμης, Φίλιππος. 
245 1 2 |a Ο ροζ πελεκάνος και άλλες ιστορίες /   |c Φίλιππος Δραγούμης ; εικονογράφηση Ελένη Παυλοπούλου.  
260 |a Αθήνα :   |b Ωκεανίδα,   |c c2000.  
300 |a 69 σ. :   |b εικ. ;   |c 24 εκ.  
650 0 |a Greek fiction, Modern 
852 |a INST  |b LESVOS  |e 20231124  |h 889.38 ΔΡΑ  |p 005100065637  |q 005100065637  |t BK  |y 4  |x 20231211 
970 |a Καμάτσου  |b Δέσποινα  |z 24-11-2023